[Event "Spring Open 2024"]
[Site "?"]
[Date "2024.02.18"]
[Round "5"]
[White "Rhydderch, Sam"]
[Black "Moulson, Paul"]
[Result "0-1"]
[WhiteElo "894"]
[BlackElo "1445"]
[PlyCount "58"]
[SourceVersionDate "2024.04.25"]

1. e4 d6 2. d4 Nf6 3. Bd3 g6 4. Nf3 Bg7 5. h3 O-O 6. O-O Nbd7 7. Nc3 c5 8. Bf4 cxd4 9. Ne2 e5 10. Bg5 Qb6 11. Rb1 Nc5 12. Bxf6 Bxf6 13. b4 Nxd3 14. cxd3 Be6 15. Qd2 Bg7 16. Rfc1 Rac8 17. Ng5 Bh6 18. Rxc8 Rxc8 19. h4 f6 20. f4 fxg5 21. fxg5 Bg7 22. Ng3 a5 23. h5 Rc3 24. Rf1 Qc7 25. h6 Rc2 26. Qe1 Bf8 27. Rxf8+ Kxf8 28. Qf1+ Qf7 29. Qb1 Qf2+ 0-1

[Event "Spring Open 2024"]
[Site "?"]
[Date "2024.02.18"]
[Round "5"]
[White "Winter, Angus"]
[Black "Teisar, Vince"]
[Result "1/2-1/2"]
[WhiteElo "1420"]
[BlackElo "1200"]
[PlyCount "55"]
[SourceVersionDate "2024.04.25"]

1. e4 c6 2. d4 d5 3. e5 c5 4. c3 Nc6 5. f4 cxd4 6. cxd4 h5 7. Nf3 Bg4 8. Be3 Nh6 9. Bd3 e6 10. O-O Nf5 11. Bxf5 Bxf5 12. Nc3 a6 13. Qb3 b5 14. Rac1 Rc8 15. a4 b4 16. Na2 a5 17. Ng5 Be7 18. h4 O-O 19. Qd1 g6 20. Rf2 Rc7 21. Qf1 Qa8 22. Rf3 Rfc8 23. Rg3 Na7 24. Kh2 Qb7 25. Rxc7 Rxc7 26. Nc1 Qc8 27. Nb3 Nc6 28. Nc5 1/2-1/2

[Event "Spring Open 2024"]
[Site "?"]
[Date "2024.02.18"]
[Round "5"]
[White "Anandkumar, Givind"]
[Black "Gale, Michael"]
[Result "1/2-1/2"]
[WhiteElo "1209"]
[BlackElo "1644"]
[PlyCount "39"]
[SourceVersionDate "2024.04.25"]

1. e4 e5 2. Nf3 Nf6 3. Nxe5 d6 4. Nf3 Nxe4 5. d3 Nf6 6. d4 d5 7. Bd3 Be7 8. O-O O-O 9. Bf4 Re8 10. h3 Nbd7 11. c3 c6 12. Nbd2 Nf8 13. Qc2 Ne6 14. Bg3 h6 15. Rfe1 Nh5 16. Bh2 Bd6 17. Bxd6 Qxd6 18. Ne5 Nhf4 19. Bf1 Nc7 20. Ndf3 1/2-1/2

[Event "Spring Open 2024"]
[Site "?"]
[Date "2024.02.18"]
[Round "5"]
[White "James, Dai"]
[Black "Wilkins, Zack"]
[Result "1-0"]
[WhiteElo "1820"]
[BlackElo "1367"]
[PlyCount "57"]
[SourceVersionDate "2024.04.25"]

1. e4 e5 2. f4 exf4 3. Nf3 Nc6 4. d4 d5 5. e5 g5 6. h4 g4 7. Ng1 h5 8. Bxf4 Bh6 9. Qd2 Bxf4 10. Qxf4 Be6 11. Nc3 Qd7 12. Bb5 a6 13. Bd3 Nb4 14. O-O-O Nxd3+ 15. Rxd3 Ne7 16. Nge2 O-O-O 17. Ng3 Nf5 18. Nxf5 Bxf5 19. Re3 Qe6 20. Rf1 Bg6 21. Re2 b5 22. Qd2 c6 23. Rf6 Qe7 24. Rxc6+ Kb7 25. Rc5 Qxh4 26. Nxb5 axb5 27. Qa5 Qe7 28. Qxb5+ Ka8 29. Qa5+ 1-0

[Event "Spring Open 2024"]
[Site "?"]
[Date "2024.02.18"]
[Round "5"]
[White "Williams, John"]
[Black "Evans, Andrew"]
[Result "1-0"]
[WhiteElo "1348"]
[BlackElo "1585"]
[PlyCount "119"]
[SourceVersionDate "2024.04.25"]

1. b3 e6 2. Bb2 Nf6 3. e3 Nc6 4. Nf3 b6 5. Be2 Bb7 6. O-O Bd6 7. d4 h6 8. Nbd2 Be7 9. c4 d5 10. Rc1 dxc4 11. Nxc4 Nd5 12. Nce5 Nxe5 13. Nxe5 O-O 14. Nc6 Bxc6 15. Rxc6 Nb4 16. Rc4 Nxa2 17. Qa1 Nb4 18. d5 f6 19. dxe6 c5 20. Rd1 Bd6 21. Bf3 Rb8 22. Qxa7 Qe7 23. Qxe7 Bxe7 24. Rd7 b5 25. Rc3 Na2 26. Rc2 Nb4 27. Rcd2 Rfd8 28. Bc3 Rxd7 29. Rxd7 Kf8 30. h4 Nc2 31. g4 b4 32. Bb2 Na3 33. Bd5 Nb5 34. Kf1 Nc3 35. e4 g5 36. h5 Nb5 37. Bxf6 Bxf6 38. Rf7+ Kg8 39. Rxf6 Nc7 40. Bc4 Ne8 41. Rxh6 Kg7 42. Rg6+ Kh7 43. Rxg5 Rc8 44. f4 Nf6 45. e5 Ne4 46. Ke2 Nxg5 47. fxg5 Rc7 48. Kf3 Rc8 49. Ke4 Rd8 50. e7 Re8 51. Kd5 Rxe7 52. Kd6 Re8 53. e6 Kg7 54. h6+ Kg6 55. Bd3+ Kxg5 56. Kd7 Rh8 57. h7 Kh6 58. e7 Kg7 59. e8=Q Rxe8 60. Kxe8 1-0

[Event "Spring Open 2024"]
[Site "?"]
[Date "2024.02.18"]
[Round "5"]
[White "Richards, Benjamin"]
[Black "Jakubiak, Krzysztof"]
[Result "0-1"]
[WhiteElo "1173"]
[BlackElo "1568"]
[PlyCount "62"]
[SourceVersionDate "2024.04.25"]

1. e4 e5 2. Nf3 Nf6 3. Nc3 Bb4 4. Be2 d6 5. d3 h6 6. O-O Be6 7. a3 Ba5 8. Be3 Nbd7 9. h3 c6 10. d4 Bxc3 11. bxc3 Nxe4 12. Qd3 f5 13. Nd2 Ndf6 14. Nxe4 fxe4 15. Qd2 Nd5 16. Rad1 exd4 17. Qxd4 O-O 18. Qxe4 Bf5 19. Qc4 Kh8 20. Rd2 Qe7 21. Bd4 Qg5 22. Rfd1 Nf4 23. Bg4 d5 24. Qf1 Bxg4 25. hxg4 Qxg4 26. g3 Rf5 27. Be3 Nh3+ 28. Kh2 Rh5 29. Rd4 Ng5+ 30. Kg1 Nf3+ 31. Kg2 Rh2# 0-1

[Event "Spring Open 2024"]
[Site "?"]
[Date "2024.02.18"]
[Round "5"]
[White "Williams, Stephen"]
[Black "Ramzan, Timur"]
[Result "1/2-1/2"]
[WhiteElo "1506"]
[BlackElo "1166"]
[PlyCount "77"]
[SourceVersionDate "2024.04.25"]

1. e4 c6 2. d4 d5 3. exd5 cxd5 4. Bd3 Nf6 5. c3 Nc6 6. Qe2 Bg4 7. f3 Bh5 8. Nh3 e6 9. Nf4 Bd6 10. Nxh5 Nxh5 11. Qf2 O-O 12. g3 e5 13. O-O Re8 14. Nd2 Nf6 15. Re1 Qc7 16. Nb3 h6 17. Bd2 Rac8 18. Rac1 Qd7 19. Nc5 Bxc5 20. dxc5 e4 21. fxe4 dxe4 22. Bc2 Qe7 23. Be3 Ng4 24. Qf4 Nf6 25. Rcd1 Rcd8 26. Rxd8 Rxd8 27. Rd1 Rxd1+ 28. Bxd1 Qe6 29. b3 Nd5 30. Qf2 Nxc3 31. Qd2 Nd5 32. Be2 Nxe3 33. Qxe3 Qe5 34. Kg2 f5 35. Bc4+ Kf8 36. Qd2 Qd4 37. Qxd4 Nxd4 38. Kf2 Ke7 39. Ke3 1/2-1/2

[Event "Spring Open 2024"]
[Site "?"]
[Date "2024.02.18"]
[Round "5"]
[White "Tomaszewski, Tomasz"]
[Black "Gedara, Thinuli"]
[Result "1-0"]
[WhiteElo "1834"]
[BlackElo "850"]
[PlyCount "33"]
[SourceVersionDate "2024.04.25"]

1. e4 e5 2. d4 exd4 3. c3 dxc3 4. Bc4 cxb2 5. Bxb2 Nf6 6. e5 Ne4 7. Qd5 Ng5 8. h4 Bb4+ 9. Bc3 Bxc3+ 10. Nxc3 O-O 11. hxg5 Qxg5 12. Ne4 Qxg2 13. Nf6+ gxf6 14. Qxg2+ Kh8 15. Bd3 f5 16. Bxf5 Rg8 17. Rxh7# 1-0

[Event "Spring Open 2024"]
[Site "?"]
[Date "2024.02.18"]
[Round "5"]
[White "Prabhu, Suraj"]
[Black "Larg, Richard"]
[Result "1-0"]
[WhiteElo "1526"]
[BlackElo "1557"]
[PlyCount "71"]
[SourceVersionDate "2024.04.25"]

1. d4 d5 2. Nf3 Nf6 3. e3 Bg4 4. c4 e6 5. Nc3 Be7 6. Be2 O-O 7. Qb3 b6 8. h3 Bxf3 9. Bxf3 c6 10. O-O Qd6 11. cxd5 cxd5 12. Nb5 Qc6 13. Bd2 a6 14. Nc3 Nbd7 15. Rac1 Qb7 16. Rfe1 Rac8 17. e4 Nxe4 18. Nxe4 Rxc1 19. Bxc1 Rc8 20. Nc3 Bf6 21. Be3 Qc6 22. Rc1 Qb7 23. Ne2 Rxc1+ 24. Nxc1 Qc6 25. Qd3 Qc4 26. b3 Qxd3 27. Nxd3 Be7 28. b4 h6 29. a4 Nb8 30. b5 Kf8 31. Bf4 axb5 32. Bxb8 bxa4 33. Nc1 Bf6 34. Bd1 Bg5 35. f4 Bxf4 36. Bxf4 1-0

[Event "Spring Open 2024"]
[Site "?"]
[Date "2024.02.18"]
[Round "5"]
[White "Stannard, Mike"]
[Black "Mckenna, Joshua"]
[Result "0-1"]
[WhiteElo "1228"]
[BlackElo "1534"]
[PlyCount "92"]
[SourceVersionDate "2024.04.25"]

1. d4 d5 2. Nc3 Nf6 3. Bf4 c5 4. dxc5 Nc6 5. e3 e6 6. Nf3 Bxc5 7. Nb5 O-O 8. Bd3 a6 9. Nc3 d4 10. exd4 Nxd4 11. Be3 Nxf3+ 12. Qxf3 Bb4 13. Bd2 e5 14. a3 Bxc3 15. Bxc3 e4 16. Bxe4 Nxe4 17. Rd1 Qe8 18. O-O Nxc3 19. Qxc3 Be6 20. Rfe1 Rc8 21. Qb4 Rxc2 22. Qxb7 Qb5 23. Qxb5 axb5 24. b4 g6 25. h3 Ra8 26. Ra1 Rc3 27. Re5 Bc4 28. a4 bxa4 29. b5 Rb3 30. Re3 Rxe3 31. fxe3 Bxb5 32. Kf2 Bc4 33. Kf3 Bb3 34. Kf4 Rc8 35. g4 Rc2 36. h4 Ra2 37. Rb1 Be6 38. Kg5 Kg7 39. Rb4 a3 40. Ra4 Rf2 41. h5 h6+ 42. Kh4 a2 43. hxg6 Kxg6 44. Ra8 Rh2+ 45. Kg3 Rg2+ 46. Kxg2 Bd5+ 0-1

[Event "Spring Open 2024"]
[Site "?"]
[Date "2024.02.18"]
[Round "5"]
[White "Archibald, Mckenzie"]
[Black "Murthy, Arush"]
[Result "1/2-1/2"]
[WhiteElo "1487"]
[BlackElo "1196"]
[PlyCount "71"]
[SourceVersionDate "2024.04.25"]

1. d4 Nf6 2. c4 g6 3. Nc3 d5 4. cxd5 Nxd5 5. e4 Nxc3 6. bxc3 Bg7 7. Be3 c5 8. Qd2 cxd4 9. Bb5+ Bd7 10. Bxd7+ Qxd7 11. cxd4 Nc6 12. Rd1 O-O 13. Nf3 Rfd8 14. O-O Qg4 15. h3 Qxe4 16. Qb2 Rd7 17. Rd2 Rc8 18. Rfd1 Na5 19. Qb5 Nc6 20. d5 Nb8 21. Bxa7 Rdc7 22. Bd4 Qf5 23. Bxg7 Kxg7 24. Qb2+ Kg8 25. d6 exd6 26. Rxd6 Nc6 27. Nd4 Qe5 28. Qa3 Nxd4 29. R6xd4 Rc3 30. Qb4 Rc1 31. Rd7 Qe2 32. Rd8+ Rxd8 33. Rxc1 Rd1+ 34. Rxd1 Qxd1+ 35. Kh2 Qd5 36. Qb3 1/2-1/2

[Event "Spring Open 2024"]
[Site "?"]
[Date "2024.02.18"]
[Round "4"]
[White "Archibald, Mckenzie"]
[Black "Stannard, Mike"]
[Result "1/2-1/2"]
[WhiteElo "1487"]
[BlackElo "1228"]
[PlyCount "90"]
[EventDate "2024.??.??"]
[SourceVersionDate "2024.04.25"]

1. d4 Nf6 2. c4 g6 3. Nc3 Bg7 4. e4 d6 5. f3 O-O 6. Be3 e5 7. Qd2 Nc6 8. d5 Ne7 9. Nge2 Ne8 10. g4 c6 11. Ng3 Bd7 12. h4 f6 13. O-O-O Kf7 14. Bh6 Rh8 15. Be2 Ng8 16. Bxg7 Nxg7 17. dxc6 Bxc6 18. Qxd6 Qxd6 19. Rxd6 Ne7 20. Rhd1 Ne6 21. h5 Nd4 22. Nd5 Bxd5 23. cxd5 Rac8+ 24. Kb1 Rhd8 25. Rxd8 Rxd8 26. hxg6+ Nxg6 27. Rh1 Rh8 28. Bd1 Nf4 29. Nf5 Nxf5 30. gxf5 h5 31. Rh2 Rc8 32. Be2 Rg8 33. Kc2 Rg3 34. Kd2 Rg1 35. Bd1 b5 36. b4 Rg8 37. a4 Rb8 38. Kc3 a6 39. axb5 axb5 40. Be2 Rc8+ 41. Kb3 Nxe2 42. Rxe2 h4 43. Rh2 Rh8 44. Rh3 Ke7 45. Kc3 Kd6 1/2-1/2

[Event "Spring Open 2024"]
[Site "?"]
[Date "2024.02.17"]
[Round "2"]
[White "Archibald, Mckenzie"]
[Black "McGrath, Ethan"]
[Result "0-1"]
[WhiteElo "1487"]
[BlackElo "883"]
[PlyCount "74"]
[EventDate "2024.??.??"]
[SourceVersionDate "2024.04.17"]

1. d4 Nf6 2. c4 e6 3. Nf3 Bb4+ 4. Bd2 Bxd2+ 5. Nbxd2 O-O 6. g3 d5 7. Bg2 Nc6 8. O-O b6 9. Re1 Ne7 10. e4 dxe4 11. Nxe4 Nxe4 12. Rxe4 Bb7 13. Re3 Nf5 14. Rd3 Be4 15. Rd2 Qd6 16. Rc1 Qb4 17. a3 Qd6 18. c5 bxc5 19. dxc5 Qa6 20. Rc3 Rab8 21. b4 Ne7 22. Nh4 Bxg2 23. Nxg2 Nd5 24. Rcd3 Qb5 25. Ne3 c6 26. Nxd5 exd5 27. Rd4 a5 28. Qh5 Rfe8 29. Rh4 Re1+ 30. Kg2 Qf1+ 31. Kf3 Qh1+ 32. Kg4 Re4+ 33. f4 h6 34. Kh3 Qf1+ 35. Rg2 Rbe8 36. f5 Re2 37. Rf4 Qxg2+ 0-1

[Event "Spring Open 2024"]
[Site "?"]
[Date "2024.02.17"]
[Round "1"]
[White "Tapp, James"]
[Black "Archibald, Mckenzie"]
[Result "1-0"]
[WhiteElo "1991"]
[BlackElo "1487"]
[PlyCount "41"]
[EventDate "2024.??.??"]
[SourceVersionDate "2024.04.10"]

1. d4 d5 2. c4 c6 3. Nf3 Nf6 4. g3 dxc4 5. Bg2 e6 6. Ne5 Be7 7. O-O O-O 8. Nc3 Bd7 9. Nxc4 b5 10. Ne5 Qc8 11. Nxb5 cxb5 12. Bxa8 Bc6 13. Bxc6 Nxc6 14. Nxc6 Qxc6 15. Bg5 h6 16. Bxf6 Bxf6 17. e3 Rd8 18. Rc1 Qb7 19. Qb3 e5 20. dxe5 Bxe5 21. Rc5 1-0